| 000 | 00688nam a2200169 a 4500 | ||
|---|---|---|---|
| 001 | 000031076 | ||
| 005 | 20250221073755.0 | ||
| 008 | 090709s1969 dr a 000 0 spa d | ||
| 040 |
_aDO-SdBNP _bspa _cBNPHU |
||
| 110 | 1 |
_aRepública Dominicana. _bSecretariado Técnico de la Presidencia. _bOficina Nacional de Estadística _910866 |
|
| 245 | 1 | 0 |
_aDía de la estadística nacional : _bReseña historica de la segunda conmemoración 1968. |
| 260 |
_aSanto Domingo : _bONE, _c1969. |
||
| 300 |
_a101 p. : _bil. ; _c28 cm. |
||
| 500 | _aIncluye índice | ||
| 651 | 4 |
_aRepública Dominicana _xServicios Estadisticos _910867 |
|
| 710 | 1 |
_aRepública Dominicana. _bOficina Nacional de Estadística _95775 |
|
| 999 |
_c30568 _d30568 |
||